000 00424nam a2200181Ia 4500
001 1719
005 20260306143749.0
008 260306t2013||||xx |||||||||||||| ||spa||
041 _aESP
082 _a155.2
_bS29
100 _aSchultz, Duane P.
_eAUT
245 0 _aTeorías de la personalidad
260 _c2013
300 _axvi, 542 páginas :
_c24 cm.
650 _aGEN
654 _aCPS
942 _cLIB
_dJUS
_fJUS
_2ddc
_n
999 _c1719
_d1719